| 000 | 00874cam a2200277 i 4500 | ||
|---|---|---|---|
| 942 | _cBK | ||
| 999 |
_c552 _d552 |
||
| 001 | 17991970 | ||
| 003 | OSt | ||
| 005 | 20250420134815.0 | ||
| 008 | 140109s2015 njua 001 0 eng | ||
| 010 | _a 2014000625 | ||
| 020 | _a9781118141809 (pbk. : alk. paper) | ||
| 040 |
_aDLC _beng _cKCST |
||
| 042 | _apcc | ||
| 050 | 0 | 0 |
_aTA330 _b.R29 2015 |
| 082 | 0 | 0 |
_a510 _223 _bRa In |
| 100 | 1 |
_aRattan, Kuldip S. _94902 |
|
| 245 | 1 | 0 |
_aIntroductory mathematics for engineering applications / _cKuldip S. Rattan, Wright State University, Nathan W. Klingbeil, Wright State University. |
| 260 |
_aHoboken, NJ : _bWiley, _c2015. |
||
| 300 |
_aviii, 419 pages : _billustrations ; _c24 cm |
||
| 500 | _aIncludes index. | ||
| 650 | 0 |
_aEngineering mathematics _vTextbooks. _94903 |
|
| 655 |
_aTextbooks. _94759 |
||
| 700 | 1 |
_aKlingbeil, Nathan W. _94904 |
|
| 942 | _2ddc | ||